Ekonometrický model dovozu tropického dreva do ČSSR

Bibliographic Details
Main Author: Šupín, Mikuláš, 1953- (Author)
Format: Article
Language:Slovak
PhysicalDescription:Res. rus., angl., nem., lit. 3 zázn. v slov., ruš.
Subjects:

MARC

LEADER 00000nab a2200000 a 4500
001 vtls000321749
003 SK-MaSNL
005 20260303161250.0
008 230223c1987 xo 0 slo
015 |a SNBRA19rr/mm-uuuuu 
035 |a CL0321871 
035 |a urn:nbn:sk:snk-abab25 
035 |a (urnnbn)urn:nbn:sk:snk:ar-a09nyu 
035 |a (uuid)7d1b1dae-381e-4392-8202-d756b6e9607c 
040 |a SNKBUCL  |b slo  |c SNKBUCL  |e AACR2 
041 0 |a slo 
044 |a xo  |c SK 
080 |a 674.03:339.5  |2 1981 
080 |a 339.5  |2 1981 
080 |a 674.03  |2 1981 
100 1 |a Šupín, Mikuláš,  |d 1953-  |4 aut  |9 201668 
245 1 0 |a Ekonometrický model dovozu tropického dreva do ČSSR  |c Mikuláš Šupín 
300 |b Res. rus., angl., nem., lit. 3 zázn. v slov., ruš. 
650 0 7 |a drevo tropické  |2 snkbucl  |9 961149 
650 0 7 |a zahraničný obchod  |2 snkbucl  |9 2200 
655 7 |a články zo zborníkov  |2 snkbucl  |9 166140 
773 0 |t Acta Facultatis forestalis Zvolen 29  |d Bratislava : Príroda, 1987  |g S. 247-251 
850 |a Slovenská národná knižnica v Martine  |a MTA001 
852 |a SNK  |b KIS3GCP 
954 |a odborná, vedecká literatúra pôvodná (slovenská)  |2 lita 
958 |a RK 
958 |a OND 
958 |a EUIPO 
958 |a article13 
992 |a RZB 
999 |c 2048813  |d 2050743